Generally accepted principles and practices for securing information technology systems /

Bibliographic Details
Main Author: Swanson, Marianne
Corporate Author: National Institute of Standards and Technology (U.S.)
Other Authors: Guttman, Barbara
Format: Government Document eBook
Language:English
Published: [Gaithersburg, Md.] : National Institute of Standards and Technology, Technology Administration, U.S. Dept. of Commerce, [1996]
Subjects:
Online Access:https://purl.fdlp.gov/GPO/LPS72089

MARC

Tag First Indicator Second Indicator Subfields
LEADER 00000cam a2200000Ia 4500
001 in00002201628
006 m d f
007 cr an|||||||||
008 060731s1996 mdu sbu f000 0 eng d
005 20230331150118.7
035 |a (OCoLC)ocm70786302 
035 |a in00002201628 
040 |a GPO  |c GPO  |d MvI  |d UtOrBLW 
043 |a n-us--- 
049 |a WWW 
074 |a 0247 (online) 
086 0 |a C 13.10:800-14 
100 1 |a Swanson, Marianne. 
245 1 0 |a Generally accepted principles and practices for securing information technology systems /  |c Marianne Swanson, Barbara Guttman. 
264 1 |a [Gaithersburg, Md.] :  |b National Institute of Standards and Technology, Technology Administration, U.S. Dept. of Commerce,  |c [1996] 
300 |a iv, 57 pages :  |b digital, PDF file. 
336 |a text  |b txt  |2 rdacontent 
337 |a computer  |b c  |2 rdamedia 
338 |a online resource  |b cr  |2 rdacarrier 
500 |a "September 1996." 
500 |a Title from title screen (viewed on July 20, 2006). 
504 |a Includes bibliographical references. 
538 |a Mode of access: Internet from NIST web site. Address as of 7/20/06: http://csrc.nist.gov/publications/nistpubs/800-14/800-14.pdf; current access available via PURL. 
500 |a Electronic resource. 
650 0 |a Information technology  |x Security measures. 
650 0 |a Computer security  |x Standards  |z United States. 
700 1 |a Guttman, Barbara. 
710 2 |a National Institute of Standards and Technology (U.S.) 
856 4 0 |u https://purl.fdlp.gov/GPO/LPS72089  |t 0 
999 |a MARS 
999 f f |i 25e2abe8-01f3-32ce-aaca-635734c53324  |s 8c131618-e366-37fc-a8a8-5a581b966bf8  |t 0 
952 f f |a Texas A&M University  |b College Station  |c Electronic Resources  |d Available Online  |t 0  |e C 13.10:800-14  |h Superintendent of Documents classification 
998 f f |a C 13.10:800-14  |t 0  |l Available Online